00539nam a22001937a 450000500170000001000130001702000220003003500130005203700160006504000120008108200190009310000190011224500480013126000420017927000590022130000200028065000160030065000290031620170124110144.0 aB-161563 c00.00a8126120363 aB-161563 bCen Lib/Ret aDPLbEN a658.40301bSHA aSharma, Manoj  aAdministrative thinkers /cby Manoj Sharma  aNew Delhi bAnmol Publications c2004 bNew Delhi a4374/4B, ansari road, dariya ganj e110002 a496p.c21cm(Hb) aManagement  aAdministrative thoughts